00570nam a22001817a 450000500170000001000130001702000220003003500130005203700170006504000120008208200150009424501520010926000430026130000250030465000250032965000150035470000190036920170124110054.0 aA-878408 c00.00a8172401000 aA-878408 bCen Lib/ Ret aDPLbEN a658.3bMAN aManaging people : cedited by Sara P.Nobleb54 proven ideas for making you & your profile more productive from America's smartest small companies / bGlobal Business Pressc1997aNew Delhi axii,142p. c19cm(Hb) aManagement of people aMotivation aNoble, Sara P.